000
00236nam a2200097Ia 4500
005
20250424112921.0
008
250424s9999 xx 000 0 und d
300
_a
203 p. ; 23 cm.
650
_a
Philology, Modern--Periodicals.
942
_c
SR
999
_c
37863
_d
37863